[Event "SRB-chT2 West"]
[Site "Kragujevac"]
[Date "2015.10.10"]
[Round "9.1"]
[White "Tojagic, Dane"]
[Black "Muratovic, Efim"]
[Result "1/2-1/2"]
[WhiteElo "2271"]
[BlackElo "2369"]
[PlyCount "49"]
[EventDate "2015.09.04"]
[EventType "team-tourn"]
[EventRounds "11"]
[EventCountry "SRB"]
[SourceTitle "EXT 2022"]
[Source "ChessBase"]
[SourceDate "2021.10.06"]
[SourceVersion "1"]
[SourceVersionDate "2021.10.06"]
[SourceQuality "1"]

1. d4 Nf6 2. c4 g6 3. Nc3 d5 4. Nf3 Bg7 5. Bg5 c6 6. e3 Ne4 7. Bf4 Nxc3 8. bxc3 0-0 9. Be2 dxc4 10. Bxc4 Nd7 11. Bb3 Qa5 12. Qd2 e5 13. Bg3 e4 14. Ng1 Nc5 15. Bc2 Rd8 16. Bh4 Re8 17. Ne2 Bg4 18. 0-0 Nd7 19. Nc1 Nb6 20. Bb3 Rac8 21. h3 Be6 22. Bxe6 Rxe6 23. Nb3 Qh5 24. Bg3 Nc4 25. Qd1 1/2-1/2

[Event "SRB-chT3 Liga Nord CS"]
[Site "Serbia"]
[Date "2011.09.18"]
[Round "2"]
[White "Tojagic, Dane"]
[Black "Sreckovic, Predrag"]
[Result "1/2-1/2"]
[WhiteElo "2307"]
[BlackElo "2049"]
[PlyCount "49"]
[EventDate "2011.09.11"]
[EventType "team"]
[EventRounds "11"]
[EventCountry "SRB"]
[SourceTitle "EXT 2015"]
[Source "ChessBase"]
[SourceDate "2014.11.20"]
[SourceVersion "1"]
[SourceVersionDate "2014.11.20"]
[SourceQuality "1"]

1. d4 Nf6 2. c4 g6 3. Nc3 Bg7 4. e4 d6 5. f3 0-0 6. Be3 e5 7. d5 Nh5 8. Qd2 Qh4+ 9. g3 Nxg3 10. Qf2 Nxf1 11. Qxh4 Nxe3 12. Ke2 Nxc4 13. b3 Nb6 14. Nh3 Na6 15. Nf2 Bd7 16. Rac1 f5 17. Nd3 Bf6 18. Qg3 c6 19. dxc6 bxc6 20. exf5 Bxf5 21. Ne4 Bg7 22. Rhd1 d5 23. Nd6 e4 24. Ne5 exf3+ 25. Kf2 1/2-1/2

[Event "SRB-chT2 West"]
[Site "Serbia"]
[Date "2007.10.18"]
[Round "7"]
[White "Grubisic, Ilija"]
[Black "Tojagic, Dane"]
[Result "0-1"]
[WhiteElo "2272"]
[BlackElo "2317"]
[PlyCount "42"]
[EventDate "2007.09.09"]
[EventType "team"]
[EventRounds "11"]
[EventCountry "SRB"]
[SourceTitle "EXT 2012"]
[Source "ChessBase"]
[SourceDate "2011.11.24"]
[SourceVersion "1"]
[SourceVersionDate "2011.11.24"]
[SourceQuality "1"]
[WhiteTeam "Fap SK"]
[BlackTeam "Sloga Simaks"]
[WhiteTeamCountry "SRB"]
[BlackTeamCountry "SRB"]

1. Nf3 Nf6 2. c4 c5 3. Nc3 d5 4. cxd5 Nxd5 5. e4 Nb4 6. d3 e6 7. a3 N4c6 8. Be3 Nd4 9. Bxd4 cxd4 10. Qa4+ Nc6 11. Ne2 Qb6 12. b4 Be7 13. Qb3 a5 14. b5 a4 15. Qb2 Na5 16. Nexd4 Bc5 17. g3 e5 18. Nf5 Bxf5 19. exf5 Nb3 20. Rd1 Qa5+ 21. Nd2 Bd4 0-1

[Event "SCG-chT1 Central"]
[Site "Vrnjacka Banja"]
[Date "2004.09.27"]
[Round "4.4"]
[White "Tojagic, Dane"]
[Black "Djakovac, Enes"]
[Result "1/2-1/2"]
[WhiteElo "2308"]
[BlackElo "2171"]
[PlyCount "39"]
[EventDate "2004.09.25"]
[EventType "team"]
[EventRounds "11"]
[EventCountry "YUG"]
[SourceTitle "CBM 102 Extra"]
[Source "ChessBase"]
[SourceDate "2004.11.03"]
[SourceVersion "1"]
[SourceVersionDate "2004.11.03"]
[SourceQuality "1"]
[WhiteTeam "01"]
[BlackTeam "08"]
[WhiteTeamCountry "YUG"]
[BlackTeamCountry "YUG"]

1. d4 d5 2. c4 c6 3. Nf3 Nf6 4. Nc3 dxc4 5. a4 Bf5 6. Ne5 c5 7. e3 Nbd7 8. Qf3 g6 9. Bxc4 Nxe5 10. dxe5 Nd7 11. e6 Bxe6 12. Bxe6 fxe6 13. Qxb7 Qc8 14. Qe4 Nf6 15. Qc4 Bg7 16. 0-0 0-0 17. a5 Qc6 18. a6 Rab8 19. Ra5 Rfc8 20. h3 1/2-1/2

[Event "SCG-chT1 Central"]
[Site "Vrnjacka Banja"]
[Date "2004.09.26"]
[Round "2.3"]
[White "Nikolic, Zoran"]
[Black "Tojagic, Dane"]
[Result "0-1"]
[WhiteElo "2222"]
[BlackElo "2308"]
[PlyCount "110"]
[EventDate "2004.09.25"]
[EventType "team"]
[EventRounds "11"]
[EventCountry "YUG"]
[SourceTitle "CBM 102 Extra"]
[Source "ChessBase"]
[SourceDate "2004.11.03"]
[SourceVersion "1"]
[SourceVersionDate "2004.11.03"]
[SourceQuality "1"]
[WhiteTeam "09"]
[BlackTeam "01"]
[WhiteTeamCountry "YUG"]
[BlackTeamCountry "YUG"]

1. e4 e5 2. Nf3 Nc6 3. Bb5 a6 4. Ba4 Nf6 5. 0-0 Be7 6. Re1 b5 7. Bb3 d6 8. c3 0-0 9. h3 Bb7 10. d4 Re8 11. Nbd2 Bf8 12. Bc2 Rc8 13. Nf1 exd4 14. cxd4 Nb4 15. Ng3 Nxc2 16. Qxc2 h6 17. b3 d5 18. exd5 Rxe1+ 19. Nxe1 Qxd5 20. Nf3 c5 21. dxc5 Rxc5 22. Qe2 Qc6 23. Be3 Rc2 24. Qd3 Rc3 25. Qd8 Qd5 26. Rd1 Qxd8 27. Rxd8 Rc8 28. Rxc8 Bxc8 29. Bd4 Nd5 30. Ne4 Nb4 31. a4 Bb7 32. Nc5 Bd5 33. Be3 Bxc5 34. Bxc5 Nd3 35. Bd6 Bxb3 36. axb5 axb5 37. Nd4 Bc4 38. Nc6 f6 39. Nb4 Nb2 40. h4 h5 41. f3 Nd1 42. Kh2 Kf7 43. Kg3 Ke6 44. Bf8 Ne3 45. Kf2 Nf5 46. g4 hxg4 47. fxg4 Kf7 48. gxf5 Kxf8 49. Ke3 Ke7 50. Kd4 Kd6 51. Na6 Bf1 52. Nc5 Bh3 53. Ne6 g6 54. Ng7 Bxf5 55. h5 Bb1 0-1